00899nab a22002057a 4500003000400000005001700004008004100021040000700062100003100069245016000100260007200260300001400332500003800346505008900384650002000473650002900493650001300522650002500535773013300560OSt20260114014717.0190605e xxu||||| |||| 00| 0 spa d cPJ aDespoulis Netri, Federico 13aLa supresión de la culpa en el divorcio en el Código Civil y Comercial y su afectación al Derecho de la Seguridad Social /cFederico Despoulis Netri. aCiudad Autónoma de Buenos Aires :bThomson Reuters La Ley,c2024. ap. 212-16 aCita: TR LALEY AR/DOC/323/2024.  t¿Te interesa el texto completo? Solicitalo al correo: koha@justierradelfuego.gov.ar 0aDERECHO LABORAL 0aCODIGO CIVIL Y COMERCIAL 0aDIVORCIO 0aCAUSALES DE DIVORCIO0 02711dCiudad Autónoma de Buenos Aires : Thomson Reuters La Ley, 1999-2002.tRevista de derecho del trabajo. Nº 2 - Marzo 2024